000 00793nam a2200205Ii 4500
003 JO-AjNU
008 230605s9999||||xx |||||||||||||| ||und||
040 _aJO-AjNU
_bara
_erda
_cJO-AjNU
041 _aara
050 1 4 _aKZ6471.A28.2013
100 3 _aابو الوفا، احمد,
_eauthor
_964431
245 0 0 _aالنظرية العامة للقانون الدولي الإنساني في القانون الدولي وفي الشريعة الاسلامية
250 _aط3
264 3 1 _aالقاهرة: دار النهضة العربية، 2013
300 _a244ص
336 _atext
_btxt
_2rdacontent
337 _aunmediated
_bn
_2rdamedia
338 _avolume
_bnc
_2rdacarrier
650 4 _aالقانون الدوالي الانساني- الشريعة الاسلامية
_964432
999 _aA29363
_c32931
_d32931